La figlia della libertà /
Guardat en:
| Autor principal: | |
|---|---|
| Format: | Llibre |
| Idioma: | italià |
| Publicat: |
Milano :
Mondolibri,
2019
|
| Etiquetes: |
Sense etiquetes, Sigues el primer a etiquetar aquest registre!
|
MARC
| LEADER | 00000nam a22000007i 4500 | ||
|---|---|---|---|
| 001 | IT\ICCU\MIL\0973673 | ||
| 003 | ItRI | ||
| 005 | 20251021165519.0 | ||
| 008 | 191104s2019 it |||||| |||||1|||||c | ||
| 024 | 3 | 1 | |a 8022264858205 |
| 040 | |b ita |c Arcigay Viterbo | ||
| 041 | 7 | |a ita |2 ISO-639-2 | |
| 082 | |a 853.9 |2 21 | ||
| 100 | 1 | |a Di Fulvio, Luca |0 IT\ICCU\CFIV\090289 | |
| 240 | 1 | 3 | |a La figlia della libertà |9 Di Fulvio, Luca |
| 245 | 1 | 3 | |a La figlia della libertà / |c Luca Di Fulvio. |
| 260 | |a Milano : |b Mondolibri, |c 2019 | ||
| 300 | |a 635 p. ; |c 23 cm | ||
| 942 | |2 ddc |c BK |n 0 | ||
| 952 | |0 0 |1 0 |2 ddc |4 0 |6 853_900000000000000_FUL_FIG |7 0 |9 9777 |a VT |b VT |d 2025-10-21 |e Dono della Biblioteca Consorziale di Viterbo |i B339 |l 0 |o 853.9 FUL FIG |p B339 |r 2025-10-21 16:58:07 |w 2025-10-21 |y BK |z Dono della Biblioteca Consorziale di Viterbo | ||
| 981 | 1 | |6 z01 |a i |b xxxe | |
| 982 | 1 | |6 z01 |a n | |
| 999 | |c 8154 |d 8154 | ||